ORGANIC CHEMISTRY (Record no. 190376)
[ view plain ]
| 000 -LEADER | |
|---|---|
| fixed length control field | 00232nam a2200097Ia 4500 |
| 050 ## - LIBRARY OF CONGRESS CALL NUMBER | |
| Classification number | QD 251.3 .C37 2003 |
| 100 ## - MAIN ENTRY--PERSONAL NAME | |
| Personal name | CAREY, FRANCIS A. |
| 245 #0 - TITLE STATEMENT | |
| Title | ORGANIC CHEMISTRY |
| 942 ## - ADDED ENTRY ELEMENTS (KOHA) | |
| Koha item type | Long Loan Book |
No items available.